|
|
|
|
| LEADER |
01477nam a2200397 a 4500 |
| 001 |
40068 |
| 003 |
BD-DhAAL |
| 008 |
221116t1996 nyu b 000 0 eng d |
| 010 |
|
|
|a 96001810
|
| 020 |
|
|
|a 0415907438
|
| 020 |
|
|
|a 0415907446 (pbk.)
|
| 040 |
|
|
|a DLC
|c DLC
|d DLC
|d BD-DhAAL
|
| 041 |
1 |
|
|a eng
|
| 043 |
|
|
|a e-gr---
|
| 050 |
0 |
0 |
|a PA3877
|b .A2 1996
|
| 082 |
0 |
0 |
|a 882.01
|
| 100 |
0 |
|
|a Aristophanes.
|9 52409
|
| 240 |
1 |
0 |
|a Works.
|k Selections.
|l English.
|f 1996
|
| 245 |
1 |
0 |
|a Three plays by Aristophanes :
|b staging women /
|c translated and edited by Jeffrey Henderson.
|
| 246 |
3 |
0 |
|a Staging women
|
| 260 |
|
|
|a New York :
|b Routledge,
|c 1996.
|
| 300 |
|
|
|a xi, 244 pages ;
|c 24 cm.
|
| 490 |
|
|
|a The new classical canon
|
| 504 |
|
|
|a Includes bibliographical references (pages 239-244).
|
| 505 |
0 |
|
|a Lysistrata -- Women at the Thesmophoria -- Assemblywomen.
|
| 541 |
|
|
|a Donated By Akbar Ali Khan
|e 40068
|
| 600 |
0 |
0 |
|a Aristophanes
|v Translations into English.
|9 52410
|
| 650 |
|
0 |
|a Women
|z Greece
|v Drama.
|9 52411
|
| 651 |
|
0 |
|a Athens (Greece)
|v Drama.
|9 52412
|
| 655 |
|
7 |
|a Comedies.
|2 gsafd
|
| 700 |
1 |
|
|a Henderson, Jeffrey,
|d 1946-
|9 52414
|
| 830 |
|
|
|a The new classical canon
|9 52415
|
| 852 |
|
|
|a Ayesha Abed Library
|c Akbar Ali Khan Collection
|
| 942 |
|
|
|2 ddc
|c BK
|
| 999 |
|
|
|c 45061
|d 45061
|
| 952 |
|
|
|0 0
|1 0
|2 ddc
|4 0
|6 882_010000000000000_ARI
|7 1
|9 72354
|a BRACUL
|b BRACUL
|c CS1
|d 2022-11-16
|e Donated by Akbar Ali Khan
|l 0
|o 882.01 ARI
|p 3010040068
|r 2022-11-16
|t 1
|w 2022-11-16
|y BK
|